00434nam a22001577a 450000500170000000800410001702000220005803500140008003700130009408200080010710000190011524500590013426000420019330000240023570000170025920220429114827.0220429b ||||| |||| 00| 0 eng d a817829219Xc00.00 a B-119552 aDPLbENG a301 aAdams, Bert N. aSociological theory /cby Bert N. Adams and R.A. Sydie aNew DelhibVistaar Publicationsc2001 axxx, 612p.c24 cms. aSydie, R.A.